[Event "Hessen-ch Seniors op 10th"]
[Site "Bad Sooden-Allendorf"]
[Date "2014.05.03"]
[Round "8"]
[White "Montsma, Foppe Jan"]
[Black "Paulsen, Eckart"]
[Result "1-0"]
[WhiteElo "1859"]
[BlackElo "1858"]
[PlyCount "43"]
[EventDate "2014.04.26"]
[EventType "swiss"]
[EventRounds "9"]
[EventCountry "GER"]
[SourceTitle "EXT 2018"]
[Source "ChessBase"]
[SourceDate "2017.10.13"]
[SourceVersion "1"]
[SourceVersionDate "2017.10.13"]
[SourceQuality "1"]

1. e4 c6 2. d3 d5 3. Nd2 Nf6 4. Ngf3 Bg4 5. Be2 e6 6. 0-0 Be7 7. Ne5 Bxe2 8. Qxe2 Nbd7 9. Nxd7 Nxd7 10. b3 0-0 11. Bb2 Bf6 12. e5 Be7 13. Kh1 Re8 14. f4 f5 15. g4 Rf8 16. Rg1 fxg4 17. Qxg4 g6 18. Qxe6+ Kg7 19. f5 Nc5 20. f6+ Bxf6 21. exf6+ Rxf6 22. Qxf6+ 1-0

[Event "Hessen-ch Seniors op 10th"]
[Site "Bad Sooden-Allendorf"]
[Date "2014.04.27"]
[Round "2"]
[White "Stratmann, Alois"]
[Black "Paulsen, Eckart"]
[Result "1/2-1/2"]
[WhiteElo "1705"]
[BlackElo "1858"]
[PlyCount "120"]
[EventDate "2014.04.26"]
[EventType "swiss"]
[EventRounds "9"]
[EventCountry "GER"]
[SourceTitle "EXT 2018"]
[Source "ChessBase"]
[SourceDate "2017.10.13"]
[SourceVersion "1"]
[SourceVersionDate "2017.10.13"]
[SourceQuality "1"]

1. c4 c5 2. Nc3 Nc6 3. Nf3 g6 4. g3 Bg7 5. Bg2 d6 6. d3 Bf5 7. Nd5 Nf6 8. Ne3 Bd7 9. 0-0 0-0 10. Rb1 Qc8 11. Re1 Rb8 12. a3 a5 13. Bd2 Qc7 14. Bc3 b5 15. Bxf6 Bxf6 16. Nd5 Qa7 17. Nxf6+ exf6 18. b3 Ne5 19. Nd2 Bc6 20. Bxc6 Nxc6 21. Ne4 Qe7 22. Qd2 Kg7 23. Nc3 b4 24. Nd5 Qe5 25. axb4 axb4 26. e3 Ra8 27. f4 Qf5 28. Qb2 Ra3 29. Ra1 Rfa8 30. Rxa3 Rxa3 31. Ra1 Rxa1+ 32. Qxa1 Qe6 33. Kf2 Ne7 34. Nxe7 Qxe7 35. Qh1 Qa7 36. Qb1 h5 37. h4 f5 38. Qb2+ f6 39. Qb1 Qa3 40. Kf3 Qa8+ 41. Kf2 d5 42. cxd5 Qxd5 43. Qd1 Qa8 44. Qb1 Qa3 45. Kf3 Kh6 46. Kf2 g5 47. fxg5+ fxg5 48. d4 cxd4 49. exd4 Qa7 50. hxg5+ Kg6 51. Qd3 Qa2+ 52. Kf3 Qa1 53. Kf2 Qh1 54. Qf3 Qc1 55. Qe3 Qb2+ 56. Kf3 Qc3 57. Kf2 Qc2+ 58. Kf3 Qc3 59. Kf2 Qc2+ 60. Kf3 Qc6+ 1/2-1/2

[Event "Bad Woerishofen Seniors op 30th"]
[Site "Bad Woerishofen"]
[Date "2014.03.28"]
[Round "8"]
[White "Abegg, Beat"]
[Black "Paulsen, Eckart"]
[Result "1/2-1/2"]
[WhiteElo "1910"]
[BlackElo "1856"]
[PlyCount "82"]
[EventDate "2014.03.21"]
[EventType "swiss"]
[EventRounds "9"]
[EventCountry "GER"]
[SourceTitle "EXT 2019"]
[Source "ChessBase"]
[SourceDate "2018.10.10"]
[SourceVersion "1"]
[SourceVersionDate "2018.10.10"]
[SourceQuality "1"]

1. d4 Nf6 2. c4 e5 3. dxe5 Ng4 4. Nf3 Nc6 5. Bf4 Bb4+ 6. Nbd2 Qe7 7. a3 Bxd2+ 8. Qxd2 Ngxe5 9. Nxe5 Nxe5 10. e3 d6 11. Be2 Be6 12. Qc3 f6 13. Bg3 0-0 14. 0-0 Qf7 15. Rac1 b6 16. f4 Bg4 17. fxe5 Bxe2 18. Rf2 Bh5 19. exf6 g5 20. e4 Rae8 21. e5 dxe5 22. Bxe5 Re6 23. Qg3 h6 24. h4 g4 25. Qf4 Rfe8 26. Bc3 Kh7 27. g3 Re4 28. Qf5+ Bg6 29. Qd5 R4e6 30. Rd1 Re3 31. Qxf7+ Bxf7 32. Kh2 Re2 33. Rd2 Rxf2+ 34. Rxf2 Bxc4 35. Rf4 Be6 36. Be5 c5 37. Bd6 Kg6 38. f7 Bxf7 39. Rxg4+ Kh7 40. Rf4 Re2+ 41. Kh3 Be6+ 1/2-1/2

[Event "Bad Woerishofen Seniors op 30th"]
[Site "Bad Woerishofen"]
[Date "2014.03.21"]
[Round "1"]
[White "Paulsen, Eckart"]
[Black "Mittermaier, Walter"]
[Result "1/2-1/2"]
[WhiteElo "1856"]
[BlackElo "2104"]
[PlyCount "27"]
[EventDate "2014.03.21"]
[EventType "swiss"]
[EventRounds "9"]
[EventCountry "GER"]
[SourceTitle "EXT 2019"]
[Source "ChessBase"]
[SourceDate "2018.10.10"]
[SourceVersion "1"]
[SourceVersionDate "2018.10.10"]
[SourceQuality "1"]

1. d4 d5 2. Bf4 Nf6 3. e3 Bg4 4. Nf3 e6 5. c4 c6 6. Nc3 Bd6 7. Bxd6 Qxd6 8. Be2 Nbd7 9. cxd5 exd5 10. 0-0 0-0 11. Rc1 Rfe8 12. Re1 Ne4 13. Nxe4 dxe4 14. Nd2 1/2-1/2

[Event "Hessen-ch Seniors op 09th"]
[Site "Bad Sooden-Allendorf"]
[Date "2013.04.24"]
[Round "5"]
[White "Kirchberg, Hans Georg"]
[Black "Paulsen, Eckart"]
[Result "1/2-1/2"]
[WhiteElo "1923"]
[BlackElo "1875"]
[PlyCount "31"]
[EventDate "2013.04.20"]
[EventType "swiss"]
[EventRounds "9"]
[EventCountry "GER"]
[SourceTitle "EXT 2019"]
[Source "ChessBase"]
[SourceDate "2018.10.10"]
[SourceVersion "1"]
[SourceVersionDate "2018.10.10"]
[SourceQuality "1"]

1. d4 Nf6 2. Bg5 e6 3. Nd2 Be7 4. e3 0-0 5. Bd3 d5 6. Ngf3 Nbd7 7. c3 c5 8. 0-0 c4 9. Bc2 b5 10. e4 dxe4 11. Nxe4 Bb7 12. Qe2 Nxe4 13. Bxe7 Qxe7 14. Bxe4 Bxe4 15. Qxe4 Nf6 16. Qc2 1/2-1/2

[Event "Hessen-ch Seniors op 09th"]
[Site "Bad Sooden-Allendorf"]
[Date "2013.04.20"]
[Round "1"]
[White "Ackermann, Hans Werner"]
[Black "Paulsen, Eckart"]
[Result "1-0"]
[WhiteElo "2266"]
[BlackElo "1875"]
[PlyCount "69"]
[EventDate "2013.04.20"]
[EventType "swiss"]
[EventRounds "9"]
[EventCountry "GER"]
[SourceTitle "EXT 2019"]
[Source "ChessBase"]
[SourceDate "2018.10.10"]
[SourceVersion "1"]
[SourceVersionDate "2018.10.10"]
[SourceQuality "1"]

1. e4 d6 2. d4 Nf6 3. Nc3 e5 4. dxe5 dxe5 5. Qxd8+ Kxd8 6. Bg5 Be6 7. 0-0-0+ Bd6 8. f4 Ke8 9. f5 Bd7 10. Bxf6 gxf6 11. Nd5 Nc6 12. Nxf6+ Ke7 13. Nd5+ Ke8 14. Nf3 a5 15. Bb5 Rd8 16. c3 Nb8 17. Nf6+ Ke7 18. Nxd7 Nxd7 19. Bxd7 Rxd7 20. g4 f6 21. h4 h6 22. g5 hxg5 23. hxg5 Rxh1 24. Rxh1 fxg5 25. Rh7+ Ke8 26. Rxd7 Kxd7 27. Nxg5 Be7 28. Ne6 c5 29. c4 a4 30. Kc2 Kc6 31. Kd3 b5 32. cxb5+ Kxb5 33. Nc7+ Kc6 34. Nd5 Bd6 35. Kc4 1-0

[Event "Bayern-ch Seniors 24nd"]
[Site "Bergen"]
[Date "2012.06.20"]
[Round "5"]
[White "Niedermaier, Peter"]
[Black "Paulsen, Eckart"]
[Result "0-1"]
[WhiteElo "1644"]
[BlackElo "1568"]
[PlyCount "76"]
[EventDate "2012.06.16"]
[EventType "swiss"]
[EventRounds "9"]
[EventCountry "GER"]
[SourceTitle "EXT 2015"]
[Source "ChessBase"]
[SourceDate "2014.11.20"]
[SourceVersion "1"]
[SourceVersionDate "2014.11.20"]
[SourceQuality "1"]

1. e4 d6 2. d4 Nf6 3. Nc3 e5 4. Nf3 exd4 5. Nxd4 Be7 6. Bc4 0-0 7. h3 a6 8. a3 Nbd7 9. 0-0 Ne5 10. Ba2 c5 11. Nde2 Bd7 12. Nf4 Bc6 13. Nfd5 b5 14. Re1 c4 15. Nxe7+ Qxe7 16. Bg5 h6 17. Bh4 Ng6 18. Bg3 Rad8 19. Nd5 Bxd5 20. exd5 Qb7 21. Re2 Ne7 22. Rd2 Ne4 23. Rd4 Nxg3 24. fxg3 Qb6 25. Kh2 Rfe8 26. b3 Nf5 27. Rf4 Ne3 28. Qd2 cxb3 29. Bxb3 Rc8 30. Re1 Qc5 31. Qd3 Ng4+ 32. Rxg4 Rxe1 33. Rd4 Rce8 34. g4 R1e3 35. Qd2 Re2 36. Qd3 R8e3 37. Qd1 Qc3 38. Rd3 Qe5+ 0-1

[Event "Bayern-ch Seniors 24nd"]
[Site "Bergen"]
[Date "2012.06.17"]
[Round "2"]
[White "Paulsen, Eckart"]
[Black "Kalkmann, Hans"]
[Result "1/2-1/2"]
[WhiteElo "1568"]
[BlackElo "1812"]
[PlyCount "57"]
[EventDate "2012.06.16"]
[EventType "swiss"]
[EventRounds "9"]
[EventCountry "GER"]
[SourceTitle "EXT 2015"]
[Source "ChessBase"]
[SourceDate "2014.11.20"]
[SourceVersion "1"]
[SourceVersionDate "2014.11.20"]
[SourceQuality "1"]

1. c4 e6 2. g3 f5 3. Bg2 Nf6 4. b3 Be7 5. Bb2 0-0 6. Nf3 d6 7. 0-0 e5 8. d4 e4 9. Ne1 c6 10. Nc3 d5 11. c5 Na6 12. a3 Nc7 13. b4 a6 14. Na4 Be6 15. Nb6 Rb8 16. Nc2 Nd7 17. Nxd7 Bxd7 18. f3 exf3 19. exf3 Bf6 20. f4 Re8 21. Re1 Re7 22. Qd2 Qf8 23. Rxe7 Qxe7 24. Re1 Qf7 25. Re3 Re8 26. Ne1 Rxe3 27. Qxe3 Qe6 28. Qxe6+ Nxe6 29. Nf3 1/2-1/2

[Event "Bad Wiessee Seniors op"]
[Site "Bad Wiessee"]
[Date "2012.04.29"]
[Round "9"]
[White "Schmitt, Gerhard"]
[Black "Paulsen, Eckart"]
[Result "0-1"]
[WhiteElo "1393"]
[BlackElo "1573"]
[PlyCount "66"]
[EventDate "2012.04.21"]
[EventType "swiss"]
[EventRounds "9"]
[EventCountry "GER"]
[SourceTitle "EXT 2015"]
[Source "ChessBase"]
[SourceDate "2014.11.20"]
[SourceVersion "1"]
[SourceVersionDate "2014.11.20"]
[SourceQuality "1"]

1. e4 d6 2. Nf3 e5 3. Nc3 Nf6 4. Bc4 Be7 5. d4 exd4 6. Nxd4 0-0 7. Bg5 Nc6 8. Nxc6 bxc6 9. Qd2 Rb8 10. 0-0-0 Nd7 11. Bxe7 Qxe7 12. Qe3 Nb6 13. Bd3 Be6 14. f4 Bc4 15. b3 Bxd3 16. Qxd3 a5 17. a4 Nd7 18. Qa6 Nc5 19. Qxc6 Rb6 20. Qd5 Qf6 21. Qd2 Rxb3 22. e5 dxe5 23. Nd5 Qd6 24. fxe5 Qxe5 25. Qd4 Qg5+ 26. Rd2 Rfb8 27. Nc3 Ra3 28. Nb5 Rxa4 29. h4 Rxd4 30. hxg5 Rxd2 31. Kxd2 Rxb5 32. Re1 g6 33. Re5 Nb3+ 0-1

[Event "Bad Wiessee Seniors op"]
[Site "Bad Wiessee"]
[Date "2012.04.28"]
[Round "8"]
[White "Paulsen, Eckart"]
[Black "Klein, Alfred"]
[Result "1-0"]
[WhiteElo "1573"]
[BlackElo "1421"]
[PlyCount "42"]
[EventDate "2012.04.21"]
[EventType "swiss"]
[EventRounds "9"]
[EventCountry "GER"]
[SourceTitle "EXT 2015"]
[Source "ChessBase"]
[SourceDate "2014.11.20"]
[SourceVersion "1"]
[SourceVersionDate "2014.11.20"]
[SourceQuality "1"]

1. c4 c5 2. g3 g6 3. Bg2 Bg7 4. Nc3 Nc6 5. a3 Nf6 6. e4 0-0 7. Nge2 e5 8. 0-0 d6 9. d3 a6 10. Bg5 Qc7 11. Qd2 Na5 12. Qc2 Nc6 13. Rab1 Nd4 14. Nxd4 cxd4 15. Bxf6 Bxf6 16. Nd5 Qd8 17. f4 Bg7 18. f5 f6 19. b4 Bd7 20. c5 Rc8 21. Nb6 Qxb6 1-0

[Event "Bad Wiessee Seniors op"]
[Site "Bad Wiessee"]
[Date "2012.04.25"]
[Round "5"]
[White "Schnell, Franz"]
[Black "Paulsen, Eckart"]
[Result "0-1"]
[WhiteElo "1683"]
[BlackElo "1573"]
[PlyCount "88"]
[EventDate "2012.04.21"]
[EventType "swiss"]
[EventRounds "9"]
[EventCountry "GER"]
[SourceTitle "EXT 2015"]
[Source "ChessBase"]
[SourceDate "2014.11.20"]
[SourceVersion "1"]
[SourceVersionDate "2014.11.20"]
[SourceQuality "1"]

1. d4 d6 2. Nf3 Nf6 3. Bf4 g6 4. e3 Bg7 5. Bc4 Nh5 6. Bg5 h6 7. Bh4 0-0 8. c3 Nc6 9. Nbd2 a6 10. Qc2 Nf6 11. Bb3 Na5 12. 0-0 Nxb3 13. Qxb3 b5 14. e4 Bb7 15. Rfe1 g5 16. Bg3 Nh5 17. Rad1 e6 18. e5 Nxg3 19. hxg3 d5 20. Qb4 Qd7 21. Nb3 Rfd8 22. Nc5 Qc6 23. Qa5 Bf8 24. b4 Rab8 25. Nd2 Qb6 26. Nxb7 Rxb7 27. Qa3 Ra8 28. Nb3 c6 29. Nc5 Rba7 30. Qb2 a5 31. Qd2 axb4 32. cxb4 Rxa2 33. Qe3 R8a3 34. Rd3 Qa7 35. Rxa3 Rxa3 36. Qc1 Bxc5 37. bxc5 Rd3 38. Rd1 Qa3 39. Qc2 Rxd1+ 40. Qxd1 b4 41. Qg4 Qd3 42. Kh2 b3 43. f4 b2 44. fxg5 Qg6 0-1

[Event "Bad Woerishofen Seniors op 28th"]
[Site "Bad Woerishofen"]
[Date "2012.03.07"]
[Round "6.29"]
[White "Paulsen, Eckart"]
[Black "Oud, Niek"]
[Result "0-1"]
[WhiteElo "1598"]
[BlackElo "1894"]
[PlyCount "44"]
[EventDate "2012.03.02"]
[EventType "swiss"]
[EventRounds "9"]
[EventCountry "GER"]
[SourceTitle "EXT 2022"]
[Source "ChessBase"]
[SourceDate "2021.10.06"]
[SourceVersion "1"]
[SourceVersionDate "2021.10.06"]
[SourceQuality "1"]

1. c4 Nf6 2. g3 e6 3. Bg2 d5 4. Nf3 Be7 5. 0-0 0-0 6. Qc2 c5 7. d4 Nc6 8. e3 Qb6 9. Rd1 Rd8 10. a3 dxc4 11. dxc5 Rxd1+ 12. Qxd1 Qxc5 13. Nc3 b5 14. Nd4 Bd7 15. Ncxb5 Rb8 16. Nxc6 Bxc6 17. Bxc6 Qxc6 18. Nd4 Qd5 19. Qc2 Ne4 20. Bd2 e5 21. Nf5 Bf6 22. Rd1 Rd8 0-1

[Event "Bad Woerishofen Seniors op 28th"]
[Site "Bad Woerishofen"]
[Date "2012.03.02"]
[Round "1.25"]
[White "Hoennekes, Klaus"]
[Black "Paulsen, Eckart"]
[Result "1-0"]
[WhiteElo "1965"]
[BlackElo "1598"]
[PlyCount "74"]
[EventDate "2012.03.02"]
[EventType "swiss"]
[EventRounds "9"]
[EventCountry "GER"]
[SourceTitle "EXT 2022"]
[Source "ChessBase"]
[SourceDate "2021.10.06"]
[SourceVersion "1"]
[SourceVersionDate "2021.10.06"]
[SourceQuality "1"]

1. e4 d6 2. f4 Nf6 3. Nc3 e5 4. d3 Be7 5. Nf3 Nc6 6. Be2 Bd7 7. 0-0 0-0 8. Kh1 a6 9. Be3 Ng4 10. Bd2 exf4 11. Bxf4 Nge5 12. Nd5 Ng6 13. Nxe7+ Qxe7 14. Bd2 Nce5 15. Nd4 c5 16. Nf5 Qe6 17. c3 Ne7 18. Ne3 Kh8 19. d4 cxd4 20. cxd4 N5g6 21. Bg4 Qxe4 22. Bxd7 Qxd4 23. Nf5 Nxf5 24. Bxf5 Ne5 25. Bc3 Qb6 26. Bc2 Rad8 27. Rb1 f6 28. Rf4 d5 29. Bd4 Qd6 30. h3 Rde8 31. Rh4 f5 32. Rf4 Ng6 33. Rf2 Ne5 34. Qh5 Qg6 35. Qh4 Nc6 36. Rf4 Nxd4 37. Rxd4 Qf6 1-0

[Event "MVP-ch Seniors op 11th"]
[Site "Binz"]
[Date "2011.12.02"]
[Round "3.37"]
[White "Paulsen, Eckart"]
[Black "Bussler, Juergen"]
[Result "1/2-1/2"]
[WhiteElo "1649"]
[BlackElo "1851"]
[PlyCount "46"]
[EventDate "2011.11.30"]
[EventType "swiss"]
[EventRounds "9"]
[EventCountry "GER"]
[SourceTitle "EXT 2013"]
[Source "ChessBase"]
[SourceDate "2012.11.22"]
[SourceVersion "1"]
[SourceVersionDate "2012.11.22"]
[SourceQuality "1"]

1. d4 d5 2. Bf4 Nf6 3. e3 Nbd7 4. Nd2 c5 5. c3 a6 6. a4 e6 7. h3 Be7 8. Ngf3 Nf8 9. Ne5 Ng6 10. Bh2 Nxe5 11. Bxe5 Bd6 12. Nf3 Bxe5 13. Nxe5 Qc7 14. Bd3 Bd7 15. 0-0 c4 16. Bc2 0-0 17. Re1 Bc6 18. Qe2 Nd7 19. f4 Nxe5 20. fxe5 f5 21. Rf1 Qe7 22. Qh5 Qf7 23. Qxf7+ Rxf7 1/2-1/2

[Event "MVP-ch Seniors op 11th"]
[Site "Binz"]
[Date "2011.12.01"]
[Round "2.69"]
[White "Borkenhagen, Bernd"]
[Black "Paulsen, Eckart"]
[Result "0-1"]
[WhiteElo "1408"]
[BlackElo "1649"]
[PlyCount "154"]
[EventDate "2011.11.30"]
[EventType "swiss"]
[EventRounds "9"]
[EventCountry "GER"]
[SourceTitle "EXT 2013"]
[Source "ChessBase"]
[SourceDate "2012.11.22"]
[SourceVersion "1"]
[SourceVersionDate "2012.11.22"]
[SourceQuality "1"]

1. e4 d6 2. Nc3 g6 3. d3 Bg7 4. Bd2 c6 5. Rb1 Nf6 6. Be2 Nbd7 7. Nf3 e5 8. Bg5 h6 9. Bxf6 Nxf6 10. Nd2 Be6 11. 0-0 0-0 12. Bf3 Qc7 13. Nb3 Rad8 14. Re1 b6 15. g3 d5 16. exd5 Nxd5 17. Nxd5 cxd5 18. Qe2 Rc8 19. Rec1 Qd6 20. c3 Rc7 21. Qd1 Rfc8 22. Be2 Qd7 23. Nd2 h5 24. b3 Rxc3 25. Rxc3 Rxc3 26. Rc1 Qc7 27. Rxc3 Qxc3 28. Nf1 Qc8 29. Bf3 d4 30. Nd2 f5 31. Qe2 b5 32. h3 Bh6 33. Nf1 Bg7 34. Nh2 Qd7 35. Qc2 Qc8 36. Qxc8+ Bxc8 37. Bd5+ Kf8 38. f3 Ke7 39. Kf2 Be6 40. Bc6 Bd7 41. Bd5 a5 42. Ke2 Be8 43. g4 Kd6 44. Bg8 Bf8 45. Nf1 Kc5 46. Nd2 Kb4 47. gxf5 gxf5 48. Be6 Bg6 49. Nf1 Ka3 50. Ng3 f4 51. Nh1 Bd6 52. Nf2 Bb4 53. Ne4 Bxe4 54. fxe4 h4 55. Kd1 Kxa2 56. Kc2 Ka3 57. Bg4 a4 58. bxa4 Kxa4 59. Bd1 Ka3 60. Kb1 Bc3 61. Be2 b4 62. Bd1 b3 63. Be2 Kb4 64. Bd1 b2 65. Kc2 Kc5 66. Kb1 Kd6 67. Bg4 Ke7 68. Kc2 Kf6 69. Bf3 Kg5 70. Bg4 f3 71. Bxf3 Kf4 72. Bd1 Ke3 73. Bg4 b1Q+ 74. Kxb1 Kxd3 75. Bf3 Ke3 76. Bh1 d3 77. Kc1 Ke2 0-1

[Event "MVP-ch Seniors op 11th"]
[Site "Binz"]
[Date "2011.11.30"]
[Round "1.22"]
[White "Paulsen, Eckart"]
[Black "Wiemer, Juergen"]
[Result "0-1"]
[WhiteElo "1649"]
[BlackElo "1926"]
[PlyCount "48"]
[EventDate "2011.11.30"]
[EventType "swiss"]
[EventRounds "9"]
[EventCountry "GER"]
[SourceTitle "EXT 2013"]
[Source "ChessBase"]
[SourceDate "2012.11.22"]
[SourceVersion "1"]
[SourceVersionDate "2012.11.22"]
[SourceQuality "1"]

1. d4 Nf6 2. Bf4 d6 3. e3 Nbd7 4. Nf3 h6 5. h3 c5 6. c3 a6 7. Nbd2 b5 8. Bd3 Qc7 9. 0-0 Bb7 10. Re1 e5 11. dxe5 dxe5 12. Bh2 Bd6 13. Qc2 0-0 14. Rad1 Rfe8 15. Ne4 Bxe4 16. Bxe4 Rad8 17. Qb1 c4 18. Bc2 Nc5 19. Rd2 e4 20. Bxd6 Rxd6 21. Rxd6 Qxd6 22. Nd4 Nd3 23. Re2 Nd5 24. b3 Nxc3 0-1

[Event "GER-ch Seniors 23rd"]
[Site "Halle"]
[Date "2011.08.11"]
[Round "7"]
[White "Gerhardt, Peter Michael"]
[Black "Paulsen, Eckart"]
[Result "1-0"]
[WhiteElo "2118"]
[BlackElo "1869"]
[PlyCount "63"]
[EventDate "2011.08.05"]
[EventType "swiss"]
[EventRounds "9"]
[EventCountry "GER"]
[SourceTitle "CBM 144 Extra"]
[Source "ChessBase"]
[SourceDate "2011.10.28"]
[SourceVersion "1"]
[SourceVersionDate "2011.10.28"]
[SourceQuality "1"]

1. d4 d6 2. Nf3 Bg4 3. Nbd2 Nf6 4. h3 Bxf3 5. Nxf3 e6 6. c3 c6 7. Qc2 Be7 8. e4 d5 9. e5 Nfd7 10. Bd3 h6 11. Be3 b6 12. c4 Bb4+ 13. Ke2 Be7 14. Nd2 c5 15. f4 cxd4 16. Bxd4 Nc5 17. Bxc5 Bxc5 18. cxd5 exd5 19. b4 Be7 20. Bb5+ Kf8 21. Qb3 a6 22. Bd3 Nc6 23. Nf3 Nxb4 24. Rhd1 Nxd3 25. Rxd3 Bc5 26. Rxd5 Qe8 27. Rad1 Qb5+ 28. Qxb5 axb5 29. Rd8+ Ke7 30. R1d7+ Ke6 31. Rxa8 Kxd7 32. Rxh8 1-0

[Event "GER-ch Seniors 23rd"]
[Site "Halle"]
[Date "2011.08.06"]
[Round "2"]
[White "Paulsen, Eckart"]
[Black "Dietze, Otto"]
[Result "1/2-1/2"]
[WhiteElo "1869"]
[BlackElo "1803"]
[PlyCount "81"]
[EventDate "2011.08.05"]
[EventType "swiss"]
[EventRounds "9"]
[EventCountry "GER"]
[SourceTitle "CBM 144 Extra"]
[Source "ChessBase"]
[SourceDate "2011.10.28"]
[SourceVersion "1"]
[SourceVersionDate "2011.10.28"]
[SourceQuality "1"]

1. d4 Nf6 2. Bg5 Ne4 3. Bf4 c5 4. f3 Qa5+ 5. c3 Nf6 6. d5 d6 7. e4 e5 8. Bd2 Be7 9. Ne2 0-0 10. Ng3 Ne8 11. Bd3 Bh4 12. Qc2 Nd7 13. Na3 Qd8 14. 0-0-0 Bg5 15. Kb1 Bxd2 16. Qxd2 a6 17. h4 b5 18. Nc2 c4 19. Be2 Nc5 20. Nb4 a5 21. Nc6 Qf6 22. Qg5 Qxg5 23. hxg5 g6 24. Rh6 f6 25. Rdh1 Rf7 26. gxf6 Nxf6 27. b4 axb4 28. cxb4 Nd3 29. Bxd3 cxd3 30. Na5 Bd7 31. Rd1 Rc8 32. Rxd3 Kg7 33. Rh1 Be8 34. Rc1 Rxc1+ 35. Kxc1 Rc7+ 36. Kb2 h5 37. Rc3 Rxc3 38. Kxc3 Bd7 39. Ne2 g5 40. Kd3 Kf7 41. Nc3 1/2-1/2

[Event "Bayern-ch Seniors 23rd"]
[Site "Bergen"]
[Date "2011.06.02"]
[Round "6"]
[White "Schwertel, Johann"]
[Black "Paulsen, Eckart"]
[Result "1-0"]
[WhiteElo "1889"]
[BlackElo "1690"]
[PlyCount "59"]
[EventDate "2011.05.28"]
[EventType "swiss"]
[EventRounds "9"]
[EventCountry "GER"]
[SourceTitle "EXT 2012"]
[Source "ChessBase"]
[SourceDate "2011.11.24"]
[SourceVersion "1"]
[SourceVersionDate "2011.11.24"]
[SourceQuality "1"]

1. d4 d5 2. Nf3 Nf6 3. Bf4 c5 4. c3 Nc6 5. e3 Bg4 6. Nbd2 e6 7. Bd3 cxd4 8. exd4 Bd6 9. Bg5 Be7 10. 0-0 0-0 11. Re1 Qb6 12. Rb1 Rac8 13. Nf1 Ne8 14. Bxe7 Nxe7 15. Bxh7+ Kh8 16. Bd3 Nf6 17. h3 Bh5 18. Ng3 Bg6 19. Ne5 Nf5 20. Qf3 Nh4 21. Qf4 Bxd3 22. Qxh4+ Kg8 23. Nh5 Qd8 24. Nxf6+ gxf6 25. Ng4 Re8 26. Nxf6+ Kg7 27. Qf4 Bxb1 28. Rxb1 Re7 29. Ng4 Qg8 30. Qh6# 1-0

[Event "Bayern-ch Seniors 23rd"]
[Site "Bergen"]
[Date "2011.06.01"]
[Round "5"]
[White "Paulsen, Eckart"]
[Black "Eckstein, Helmut"]
[Result "1/2-1/2"]
[WhiteElo "1690"]
[BlackElo "1657"]
[PlyCount "57"]
[EventDate "2011.05.28"]
[EventType "swiss"]
[EventRounds "9"]
[EventCountry "GER"]
[SourceTitle "EXT 2012"]
[Source "ChessBase"]
[SourceDate "2011.11.24"]
[SourceVersion "1"]
[SourceVersionDate "2011.11.24"]
[SourceQuality "1"]

1. d4 Nf6 2. Bg5 e6 3. e4 Be7 4. Bd3 d6 5. Nf3 Nbd7 6. Nc3 c5 7. 0-0 a6 8. dxc5 Nxc5 9. Bxf6 Bxf6 10. Qd2 0-0 11. Rad1 Qb6 12. b3 Qb4 13. Nd5 Qxd2 14. Nxf6+ gxf6 15. Rxd2 Bd7 16. b4 Na4 17. Be2 Nc3 18. Re1 d5 19. exd5 exd5 20. Bd3 Rfe8 21. Be2 Bg4 22. Kf1 Re7 23. h3 Bh5 24. Rd3 Nxa2 25. Rxd5 Bxf3 26. Bxf3 Rxe1+ 27. Kxe1 Re8+ 28. Kd2 Nxb4 29. Rd4 1/2-1/2

[Event "Bad Woerishofen Seniors op 27th"]
[Site "Bad Woerishofen"]
[Date "2011.03.29"]
[Round "7"]
[White "Paulsen, Eckart"]
[Black "Felger, Karl"]
[Result "1-0"]
[WhiteElo "1874"]
[BlackElo "1987"]
[PlyCount "63"]
[EventDate "2011.03.24"]
[EventType "swiss"]
[EventRounds "9"]
[EventCountry "GER"]
[SourceTitle "EXT 2012"]
[Source "ChessBase"]
[SourceDate "2011.11.24"]
[SourceVersion "1"]
[SourceVersionDate "2011.11.24"]
[SourceQuality "1"]

1. d4 f5 2. g3 Nf6 3. Bg2 d5 4. Nc3 e6 5. Bg5 Nbd7 6. Nf3 a6 7. 0-0 c5 8. e3 b5 9. Ne5 Qc7 10. Nxd7 Nxd7 11. Bf4 Qc6 12. a3 b4 13. axb4 cxb4 14. Na4 a5 15. Qd2 Ba6 16. Rfc1 Bb5 17. b3 Be7 18. c4 Bxa4 19. cxd5 Qa6 20. Rxa4 Nb6 21. dxe6 0-0 22. Ra2 Rac8 23. Rac2 Rxc2 24. Rxc2 Rc8 25. d5 Bf6 26. Rxc8+ Nxc8 27. d6 Qb6 28. Qd5 Kf8 29. d7 Qd8 30. dxc8Q Qxc8 31. Bd6+ Be7 32. Qxf5+ 1-0

[Event "Niedersachsen-ch Seniors op 13th"]
[Site "Bad Bevensen"]
[Date "2010.07.14"]
[Round "9"]
[White "Paulsen, Eckart"]
[Black "Hadlich, Winfried"]
[Result "1/2-1/2"]
[WhiteElo "1653"]
[BlackElo "1775"]
[PlyCount "63"]
[EventDate "2010.07.06"]
[EventType "swiss"]
[EventRounds "9"]
[EventCountry "GER"]
[SourceTitle "EXT 2012"]
[Source "ChessBase"]
[SourceDate "2011.11.24"]
[SourceVersion "1"]
[SourceVersionDate "2011.11.24"]
[SourceQuality "1"]

1. d4 Nf6 2. c4 d5 3. Nf3 c6 4. g3 dxc4 5. Bg2 Bf5 6. Ne5 Be6 7. Na3 Bd5 8. 0-0 Bxg2 9. Kxg2 Nfd7 10. Naxc4 Nxe5 11. dxe5 Qd5+ 12. Qxd5 cxd5 13. Na5 b6 14. Nb3 Nc6 15. f4 e6 16. Be3 Be7 17. Rfc1 Kd7 18. a3 Rhc8 19. Rc2 Rc7 20. Rac1 Rac8 21. Bd4 Nxd4 22. Rxc7+ Rxc7 23. Rxc7+ Kxc7 24. Nxd4 a6 25. Kf3 Kd7 26. f5 Bc5 27. fxe6+ fxe6 28. e3 Bxd4 29. exd4 Kc6 30. Ke3 Kb5 31. b3 a5 32. Kd3 1/2-1/2

[Event "Niedersachsen-ch Seniors op 13th"]
[Site "Bad Bevensen"]
[Date "2010.07.11"]
[Round "6"]
[White "Meinke, Dietlind"]
[Black "Paulsen, Eckart"]
[Result "1-0"]
[WhiteElo "1760"]
[BlackElo "1653"]
[PlyCount "75"]
[EventDate "2010.07.06"]
[EventType "swiss"]
[EventRounds "9"]
[EventCountry "GER"]
[SourceTitle "EXT 2012"]
[Source "ChessBase"]
[SourceDate "2011.11.24"]
[SourceVersion "1"]
[SourceVersionDate "2011.11.24"]
[SourceQuality "1"]

1. e4 d6 2. d4 Nf6 3. Nc3 c6 4. h3 Nbd7 5. Nf3 e5 6. Bd3 Be7 7. 0-0 0-0 8. a4 a5 9. Be3 b6 10. Qd2 Ba6 11. Rfd1 Bxd3 12. Qxd3 Qc7 13. dxe5 Nxe5 14. Nxe5 dxe5 15. Qc4 Qb7 16. Qb3 Bb4 17. f3 Rfd8 18. Na2 c5 19. c3 c4 20. Qxc4 Be7 21. Qb5 Rxd1+ 22. Rxd1 Rd8 23. Rxd8+ Bxd8 24. b4 axb4 25. cxb4 Qd7 26. Qxd7 Nxd7 27. Nc3 Kf8 28. Nd5 f6 29. Kf1 Kf7 30. g4 g5 31. Ke2 Ke6 32. Kd3 Kd6 33. Kc4 Kc6 34. Bd2 Kd6 35. Kb5 Nb8 36. Nxb6 Bxb6 37. Kxb6 Nc6 38. b5 1-0